[Event "Karpos Open 2013"]
[Site "Skopje MKD"]
[Date "2013.03.10"]
[Round "2.55"]
[White "Peczely, Sebastian Zsombor"]
[Black "Bogdanovski, Vlatko"]
[Result "0-1"]
[BlackTitle "GM"]
[WhiteElo "2072"]
[BlackElo "2444"]
[WhiteFideId "750964"]
[BlackFideId "15000206"]
[EventDate "2013.03.09"]

1. e4 c6 2. d4 d5 3. Nc3 dxe4 4. Nxe4 Bf5 5. Ng3 Bg6 6. h4 h6 7. Nf3 Nd7 8. h5
Bh7 9. Bd3 Bxd3 10. Qxd3 e6 11. Bd2 Ngf6 12. O-O-O a5 13. Rhe1 Bb4 14. c3 Be7
15. Kb1 O-O 16. Ne2 Ng4 17. Be3 a4 18. Nf4 Qa5 19. Ng1 Rad8 20. Qe2 Qf5+ 21. Qc2
Nxe3 22. fxe3 Qxc2+ 23. Kxc2 Bd6 24. Ngh3 Rfe8 25. g4 e5 26. Nd3 Kf8 27. g5 hxg5
28. Nxg5 exd4 29. exd4 Nf6 30. Rh1 Nd5 31. Rh3 Ne3+ 0-1

[Event "Karpos Open 2013"]
[Site "Skopje MKD"]
[Date "2013.03.10"]
[Round "2.58"]
[White "Salgado Lopez, Ivan"]
[Black "Jovanovic, Bojan P"]
[Result "1-0"]
[WhiteTitle "GM"]
[WhiteElo "2619"]
[BlackElo "2198"]
[WhiteFideId "2257327"]
[BlackFideId "900710"]
[EventDate "2013.03.09"]

1. e4 e5 2. Bc4 Nc6 3. Nf3 Bc5 4. d3 d6 5. c3 Qf6 6. Nbd2 Be6 7. O-O a6 8. Bb3
Bxb3 9. Nxb3 Ba7 10. d4 exd4 11. cxd4 Nge7 12. Bg5 Qg6 13. Re1 f6 14. Be3 d5 15.
exd5 Nxd5 16. Bd2+ Nce7 17. Nc5 Bxc5 18. dxc5 O-O 19. Qb3 Qf7 20. Nd4 Rab8 21.
Re2 c6 22. Rae1 Ng6 23. g3 Qd7 24. Re6 Kh8 25. Qc2 Nc7 26. Rd6 Qf7 27. b3 Rfe8
28. Qf5 Rxe1+ 29. Bxe1 Nf8 30. Nf3 Re8 31. Ba5 Nd5 32. h4 Qg6 33. Qxg6 hxg6 34.
Nd4 Ne7 35. Nc2 Kg8 36. Kf1 Kf7 37. Rd3 Nf5 38. Na3 Re7 39. Nc4 Ne6 40. b4 Nfd4
41. a3 Rd7 42. Bb6 Ke7 43. Na5 Nc2 44. Rc3 Ned4 45. Ba7 Nb5 46. Rxc2 Nxa7 47. a4
Nc8 48. Ke2 Ke6 49. Rc4 Ne7 50. Re4+ Kf7 51. Nc4 Nd5 52. Rd4 Re7+ 53. Kd2 Ke6
54. Nd6 f5 55. g4 Ke5 56. Kd3 Nf4+ 57. Kc4 Nd5 58. b5 axb5+ 59. axb5 cxb5+ 60.
Nxb5 Rd7 61. f4+ 1-0

[Event "Karpos Open 2013"]
[Site "Skopje MKD"]
[Date "2013.03.10"]
[Round "2.60"]
[White "Zupe, Miran"]
[Black "Stefanov, Emil"]
[Result "1/2-1/2"]
[WhiteTitle "IM"]
[WhiteElo "2308"]
[BlackElo "1893"]
[WhiteFideId "14600277"]
[BlackFideId "2914794"]
[EventDate "2013.03.09"]

1. d4 Nf6 2. g3 c5 3. d5 b5 4. c4 Bb7 5. Bg2 e6 6. Nh3 exd5 7. O-O Qb6 8. cxd5
d6 9. e4 Nbd7 10. Re1 O-O-O 11. f4 Qc7 12. a4 b4 13. a5 h6 14. a6 Ba8 15. e5
dxe5 16. d6 Qb8 17. fxe5 Bxg2 18. Kxg2 Qa8+ 19. Kg1 Nd5 20. Qf3 Re8 21. Bd2 Rxe5
22. Rxe5 Nxe5 23. Qf5+ Nd7 24. Bf4 Qc6 25. Nd2 Bxd6 26. Nc4 Nxf4 27. Nxf4 Bxf4
28. Qxf4 g5 29. Qxf7 Rf8 30. Qe7 Qf3 31. Nd6+ Kb8 1/2-1/2

[Event "Karpos Open 2013"]
[Site "Skopje MKD"]
[Date "2013.03.10"]
[Round "2.63"]
[White "Tairi, Asip"]
[Black "Ratkovic, Miloje"]
[Result "0-1"]
[WhiteElo "1898"]
[BlackElo "2249"]
[WhiteFideId "15001105"]
[BlackFideId "914517"]
[EventDate "2013.03.09"]

1. Nf3 d5 2. d4 Nf6 3. g3 c6 4. Bg2 Bf5 5. O-O e6 6. c3 Nbd7 7. Nbd2 Be7 8. Re1
h6 9. b3 O-O 10. Bb2 a5 11. a4 Ne4 12. h3 Qb6 13. Nxe4 Bxe4 14. Nd2 Bxg2 15.
Kxg2 Rfd8 16. e3 Rac8 17. e4 Nf6 18. e5 Nd7 19. Rc1 c5 20. Ba3 Nb8 21. Qe2 Nc6
22. Qb5 Qxb5 23. axb5 cxd4 24. Bxe7 dxc3 25. bxc6 cxd2 26. Bxd8 dxe1=Q 27. Rxe1
Rxd8 28. c7 Rc8 29. Rc1 Kf8 30. Rc5 Ke7 31. Rxa5 Kd7 32. Kf1 Kxc7 33. Ke2 Kb6
34. Ra4 Rc2+ 35. Ke1 Kb5 36. Rf4 Rc7 37. Kd2 Rd7 38. Rd4 Kc5 39. Rg4 g6 40. Rh4
h5 41. Ra4 b5 42. Rf4 d4 43. Kd3 Kb4 44. Kc2 Ka3 45. Rf3 d3+ 46. Kd2 Kxb3 47.
Re3 b4 48. Re1 Kb2 49. Rc1 b3 50. Rc6 Kb1 51. Rd6 Rc7 52. f4 b2 53. Ra6 Rc2+ 54.
Kd1 Rg2 55. Ra7 Rxg3 56. Rxf7 Ka2 57. Ra7+ Kb3 58. Rb7+ Kc3 59. Rc7+ Kd4 0-1

[Event "Karpos Open 2013"]
[Site "Skopje MKD"]
[Date "2013.03.10"]
[Round "2.64"]
[White "Ozkan, Ervin"]
[Black "Cvetkovski, Slobodan"]
[Result "1-0"]
[WhiteElo "2184"]
[BlackElo "1890"]
[WhiteFideId "6306004"]
[BlackFideId "15001202"]
[EventDate "2013.03.09"]

1. d4 d5 2. Bf4 e6 3. e3 Bd6 4. Bg3 Nf6 5. Nd2 O-O 6. Bd3 c6 7. Ngf3 Qc7 8. Ne5
g6 9. c4 Bxe5 10. Bxe5 Qd8 11. c5 Ne8 12. Bg3 Nd7 13. f4 f5 14. O-O Kg7 15. Nf3
Nef6 16. Bh4 Qe8 17. b4 a6 18. a4 Ng4 19. Qe2 Ndf6 20. h3 Nh6 21. b5 axb5 22.
axb5 Rxa1 23. Rxa1 Nd7 24. Ra8 Nf6 25. Qb2 Nf7 26. Ne5 Nxe5 27. fxe5 Ne4 28.
Bxe4 fxe4 29. Bf6+ Kg8 30. b6 h6 31. Qa2 g5 32. g4 Kh7 33. Qa7 Rg8 34. Qb8 Qf7
35. Qc7 Qxc7 36. bxc7 Kg6 37. Bd8 Bd7 38. Rb8 Rf8 39. Rxb7 Rf3 40. Bf6 h5 41.
Rb8 Rxe3 42. Rd8 Rxh3 43. Rxd7 hxg4 44. c8=Q e3 45. Qg8+ Kf5 46. Qxg5+ 1-0

[Event "Karpos Open 2013"]
[Site "Skopje MKD"]
[Date "2013.03.10"]
[Round "2.65"]
[White "Atanasov, Sande"]
[Black "Cherednichenko, Elena"]
[Result "1-0"]
[BlackTitle "WFM"]
[WhiteElo "1891"]
[BlackElo "2175"]
[WhiteFideId "15001539"]
[BlackFideId "14105560"]
[EventDate "2013.03.09"]

1. e4 e5 2. Nc3 Nc6 3. a3 Nf6 4. Bc4 Bc5 5. d3 h6 6. f4 d6 7. f5 a6 8. g4 Bxg1
9. Rxg1 Nh7 10. Rg3 Qh4 11. Qe2 Nd4 12. Qf2 Ng5 13. Bxg5 hxg5 14. Nd5 Kd8 15. c3
Nc6 16. Rg2 Qh3 17. O-O-O Bd7 18. Ne3 Be8 19. Bd5 Kc8 20. Nc2 f6 21. Rd2 Na5 22.
Rg3 Qh4 23. Qe3 Ba4 24. Na1 Bc6 25. b4 Bxd5 26. exd5 1-0

[Event "Karpos Open 2013"]
[Site "Skopje MKD"]
[Date "2013.03.10"]
[Round "2.66"]
[White "Mitkovski, Zarko"]
[Black "Golubovic, Tomislav"]
[Result "1-0"]
[WhiteElo "2170"]
[BlackElo "1876"]
[WhiteFideId "15000150"]
[BlackFideId "15003043"]
[EventDate "2013.03.09"]

1. e4 e5 2. Nf3 Nc6 3. Bc4 Bc5 4. c3 Nf6 5. d3 d6 6. O-O Bg4 7. Nbd2 Qd7 8. b4
Bb6 9. a4 a6 10. Bb3 O-O 11. Nc4 Ba7 12. Bg5 Qe7 13. h3 Be6 14. b5 Nb8 15. Na5
c5 16. Nh2 h6 17. Bxf6 gxf6 18. Qh5 Kh7 19. Bd5 Nd7 20. Bxb7 f5 21. exf5 Nf6 22.
Qf3 Bd5 23. Bxd5 Nxd5 24. Qxd5 Rg8 25. Nc4 Rad8 26. b6 Bb8 27. Ne3 Qh4 28. Kh1
Rde8 29. Qe4 1-0

[Event "Karpos Open 2013"]
[Site "Skopje MKD"]
[Date "2013.03.10"]
[Round "2.68"]
[White "Gjorshev, Ljupcho"]
[Black "Yildiz, Mustafa"]
[Result "0-1"]
[WhiteElo "2166"]
[BlackElo "1858"]
[WhiteFideId "15003531"]
[BlackFideId "6302998"]
[EventDate "2013.03.09"]

1. e4 c5 2. Nf3 d6 3. d4 cxd4 4. Nxd4 Nf6 5. Nc3 a6 6. Be2 e5 7. Nb3 Be6 8. Be3
b5 9. a3 Nbd7 10. f3 Be7 11. O-O Nb6 12. Kh1 Nc4 13. Bxc4 Bxc4 14. Re1 O-O 15.
Qd2 Qc7 16. Red1 Rac8 17. Rac1 Rfd8 18. Qf2 Nd7 19. Nd5 Bxd5 20. Rxd5 Rf8 21. c3
f5 22. exf5 Qc4 23. Rcd1 Qxb3 24. g4 Qc4 25. R5d2 Qc6 26. Kg1 Nc5 27. Qg2 h6 28.
Rf2 d5 29. Qh3 e4 30. f4 Nd3 0-1

[Event "Karpos Open 2013"]
[Site "Skopje MKD"]
[Date "2013.03.10"]
[Round "2.69"]
[White "Stoilkovski, Jordan"]
[Black "Glavinac, Goran"]
[Result "0-1"]
[WhiteElo "1862"]
[BlackElo "2159"]
[WhiteFideId "15002209"]
[BlackFideId "15001881"]
[EventDate "2013.03.09"]

1. e4 c5 2. Nf3 a6 3. g3 Nc6 4. Bg2 g6 5. O-O Bg7 6. c3 Nf6 7. Re1 O-O 8. e5 Ne8
9. d4 cxd4 10. cxd4 d6 11. Nc3 dxe5 12. dxe5 Qxd1 13. Nxd1 Bg4 14. Bf4 Nc7 15.
Rc1 Ne6 16. Ne3 Bxf3 17. Bxf3 Ncd4 18. Bxb7 Rab8 19. Bxa6 Nf3+ 20. Kf1 Nxe1 21.
Kxe1 g5 22. Nf5 gxf4 23. Nxe7+ Kh8 24. Nc6 Rxb2 25. a4 Ra8 26. Bb5 Bf8 27. Rc4
Bc5 28. gxf4 Bxf2+ 29. Kf1 Be3 30. Ne7 Nxf4 0-1

[Event "Karpos Open 2013"]
[Site "Skopje MKD"]
[Date "2013.03.10"]
[Round "2.70"]
[White "Petkovski, Vlatko"]
[Black "Tairi, Krenar"]
[Result "0-1"]
[WhiteTitle "FM"]
[WhiteElo "2158"]
[BlackElo "1835"]
[WhiteFideId "15000273"]
[BlackFideId "15001679"]
[EventDate "2013.03.09"]

1. c4 c5 2. Nc3 Nf6 3. g3 d5 4. cxd5 Nxd5 5. Bg2 Nc7 6. Nf3 Nc6 7. d3 e5 8. Qa4
Bd7 9. Be3 Nd4 10. Qd1 Bc6 11. Bxd4 cxd4 12. Ne4 Bxe4 13. dxe4 Bb4+ 14. Kf1 Qe7
15. Qa4+ b5 16. Qb3 a5 17. Rc1 a4 18. Qc2 Bd6 19. Bh3 O-O 20. Kg2 a3 21. b3 Ra7
22. Qd3 Bb4 23. e3 Rd8 24. exd4 exd4 25. Rhd1 Bc5 26. Rc2 Bb6 27. Rdc1 Ba5 28.
Rd1 Bb6 29. Rc6 Rb7 30. Rdc1 Ba7 31. b4 Bb6 32. Nd2 Qxb4 33. Rxb6 Rxb6 34. Rxc7
Qd6 35. Ra7 Ra6 36. Rb7 Rb6 37. Rxb6 Qxb6 38. Qxa3 d3 39. Bg4 b4 40. Qb3 Qd4 41.
a3 Rb8 42. axb4 Rxb4 43. Qa3 g6 44. Qc1 Rb2 45. Qc4 Qd8 46. Qc3 Rc2 47. Qb4 Qg5
48. Qb8+ Kg7 49. Qf4 Qxf4 50. gxf4 Rxd2 51. h4 h5 52. Bf3 Rc2 0-1

[Event "Karpos Open 2013"]
[Site "Skopje MKD"]
[Date "2013.03.10"]
[Round "2.71"]
[White "Ozturk, Hilal"]
[Black "Stamnov, Aleksander"]
[Result "0-1"]
[BlackTitle "FM"]
[WhiteElo "1848"]
[BlackElo "2156"]
[WhiteFideId "6315330"]
[BlackFideId "15000664"]
[EventDate "2013.03.09"]

1. e4 e5 2. Nf3 Nc6 3. Bb5 a6 4. Ba4 Nf6 5. O-O Nxe4 6. Re1 Nc5 7. Bxc6 dxc6 8.
Nxe5 Be7 9. d4 Ne6 10. Be3 O-O 11. Nc3 f6 12. Nf3 f5 13. Ne2 f4 14. Bc1 Ng5 15.
Bxf4 Bg4 0-1

[Event "Karpos Open 2013"]
[Site "Skopje MKD"]
[Date "2013.03.10"]
[Round "2.72"]
[White "Krstevski, Vlatko"]
[Black "Pencheva, Iva"]
[Result "0-1"]
[WhiteElo "2154"]
[BlackElo "1803"]
[WhiteFideId "15001237"]
[BlackFideId "2906457"]
[EventDate "2013.03.09"]

1. e4 d6 2. d4 Nf6 3. Nc3 g6 4. Bg5 Bg7 5. Qd2 h6 6. Bf4 Nc6 7. f3 e5 8. dxe5
dxe5 9. Qxd8+ Kxd8 10. O-O-O+ Bd7 11. Be3 a6 12. Bc4 Ke8 13. g4 Na5 14. Bd3 Be6
15. b3 Bf8 16. h4 Ba3+ 17. Kb1 Nd7 18. Nd5 Bd6 19. c4 Rc8 20. Ne2 Nc6 21. Bc2 a5
22. g5 h5 23. Nec3 Nb4 24. Nf6+ Nxf6 25. gxf6 Na6 26. Nb5 Bc5 27. Bc1 Nb8 28. a3
Kf8 29. a4 Kg8 0-1

[Event "Karpos Open 2013"]
[Site "Skopje MKD"]
[Date "2013.03.10"]
[Round "2.73"]
[White "Atanasov, Radislav"]
[Black "Cokreva, Gordana"]
[Result "1-0"]
[WhiteElo "2147"]
[BlackElo "1794"]
[WhiteFideId "2901471"]
[BlackFideId "15000400"]
[EventDate "2013.03.09"]

1. d4 Nf6 2. c4 g6 3. Nc3 Bg7 4. Bg5 d6 5. Nf3 O-O 6. e3 Bg4 7. Be2 Re8 8. h3
Bd7 9. O-O e5 10. dxe5 dxe5 11. Ne4 Re6 12. c5 Qe7 13. Bc4 Nc6 14. b4 h6 15.
Bxf6 Bxf6 16. b5 Na5 17. Bxe6 Bxe6 18. Qa4 b6 19. Nxf6+ Qxf6 20. Rfd1 Nb7 21.
cxb6 cxb6 22. Qe4 Rb8 23. Qxe5 Qxe5 24. Nxe5 Nc5 25. Nc6 Re8 26. Rd8 Rxd8 27.
Nxd8 1-0

[Event "Karpos Open 2013"]
[Site "Skopje MKD"]
[Date "2013.03.10"]
[Round "2.74"]
[White "Nikolovska, Dragana"]
[Black "Kacakovski, Dimitar"]
[Result "0-1"]
[BlackTitle "FM"]
[WhiteElo "1821"]
[BlackElo "2138"]
[WhiteFideId "15000133"]
[BlackFideId "15000052"]
[EventDate "2013.03.09"]

1. e4 e5 2. Nf3 Nc6 3. Bb5 a6 4. Ba4 Nf6 5. O-O Be7 6. Bxc6 dxc6 7. d3 Nd7 8.
Nbd2 O-O 9. Nc4 f6 10. Nh4 g6 11. Bh6 Rf7 12. Qg4 Kh8 13. Qe2 Bf8 14. Bxf8 Nxf8
15. Nf3 b5 16. Ne3 c5 17. Rfd1 c6 18. Nd2 Ne6 19. Nb3 a5 20. a4 Bb7 21. Ng4 h5
22. Ne3 Kg7 23. Qf3 Nd4 24. Nxd4 cxd4 25. Nf1 Bc8 26. h3 Be6 27. Nd2 Qd6 28. b3
Qc5 29. Rdc1 Qc3 30. Qe2 g5 31. Nf1 h4 32. Nh2 bxa4 33. bxa4 Rb7 34. Rab1 Rb4
35. Qf3 Rf8 36. Ng4 Rf7 37. Rxb4 Qxb4 38. Ra1 Qd2 39. Qd1 Qxd1+ 40. Rxd1 Rb7 41.
Rc1 Ba2 42. Kf1 Rb1 43. Re1 Rb4 44. Rc1 Rb1 45. Re1 c5 46. Ke2 Rxe1+ 47. Kxe1 c4
48. Kd2 c3+ 49. Ke2 Be6 50. Kd1 Bd7 51. Kc1 Bxa4 52. Kb1 Bd7 53. f3 Be6 54. Ka1
a4 55. Kb1 a3 56. Ka1 a2 57. Nf2 Bb3 0-1

[Event "Karpos Open 2013"]
[Site "Skopje MKD"]
[Date "2013.03.10"]
[Round "2.75"]
[White "Stosevski, Ilija"]
[Black "Gjeorgjievski, Done"]
[Result "0-1"]
[WhiteElo "2136"]
[BlackElo "1779"]
[WhiteFideId "15000761"]
[BlackFideId "15002748"]
[EventDate "2013.03.09"]

1. Nf3 Nf6 2. g3 g6 3. Bg2 Bg7 4. O-O O-O 5. c3 d5 6. d3 Re8 7. Bg5 h6 8. Bd2 e5
9. Qc1 Kh7 10. c4 c6 11. Na3 Bg4 12. h3 Bf5 13. g4 Bd7 14. g5 e4 15. gxf6 exf3
16. fxg7 fxg2 17. Kxg2 Qh4 18. Rh1 Rxe2 19. Be1 d4 20. Rh2 Na6 21. Nc2 Nc5 22.
Qd1 Rae8 23. b4 Ne6 24. Kh1 Ng5 25. Ne3 Rxe1+ 26. Qxe1 Nf3 27. Qf1 Nxh2 28. Kxh2
dxe3 29. Re1 e2 30. Rxe2 Qf4+ 31. Kg1 Rxe2 32. Qxe2 Bxh3 0-1

[Event "Karpos Open 2013"]
[Site "Skopje MKD"]
[Date "2013.03.10"]
[Round "2.76"]
[White "Konstantinov, Aleksandar2"]
[Black "Yurtseven, Melih"]
[Result "0-1"]
[WhiteElo "1796"]
[BlackElo "2135"]
[WhiteFideId "15000060"]
[BlackFideId "6312160"]
[EventDate "2013.03.09"]

1. c4 Nc6 2. Nc3 Nf6 3. d3 e5 4. g3 Bb4 5. Bg2 h6 6. e4 d6 7. Ne2 Bg4 8. O-O Qd7
9. Be3 Bxc3 10. bxc3 Bh3 11. f3 h5 12. d4 h4 13. g4 Bxg2 14. Kxg2 Nxg4 15. fxg4
Qxg4+ 16. Kf2 Qxe4 17. Qb1 Qxb1 18. Raxb1 b6 19. Rg1 Rh7 20. Rbf1 f6 21. Ke1 Na5 0-1

[Event "Karpos Open 2013"]
[Site "Skopje MKD"]
[Date "2013.03.10"]
[Round "2.77"]
[White "Krstev, Emil"]
[Black "Zhezhov, Emil"]
[Result "1-0"]
[WhiteElo "2126"]
[BlackElo "1769"]
[WhiteFideId "15000958"]
[BlackFideId "15001318"]
[EventDate "2013.03.09"]

1. f4 b6 2. e4 Bb7 3. Nc3 e6 4. Nf3 g6 5. d4 Bg7 6. Bd3 d6 7. Qe2 a6 8. Be3 Nd7
9. O-O-O Ne7 10. g4 c5 11. e5 Bxf3 12. Qxf3 d5 13. h4 cxd4 14. Bxd4 Nc6 15. Ne2
b5 16. h5 Nxd4 17. Nxd4 Qb6 18. Nb3 O-O-O 19. h6 Bf8 20. Kb1 Kb8 21. g5 Be7 22.
Qe2 Ka7 23. c3 Nb8 24. Bc2 Rc8 25. Rh3 Rc7 26. a3 Rhc8 27. Qd3 Nc6 28. Rd2 Na5
29. Nxa5 Qxa5 30. Qd4+ Bc5 31. Qd3 Qb6 32. Rf3 Be7 33. Bd1 a5 34. b4 a4 35. Rc2
Rb8 36. Be2 Bf8 37. Kb2 Be7 38. Rf1 Bf8 39. Rfc1 Be7 40. Qf3 Rbc8 41. Bf1 Bf8
42. Bg2 Be7 43. Rd1 Bf8 44. Qd3 Qc6 45. Bf1 Rb8 46. Rdc1 Qb6 47. Qd4 Kb7 48. Qd3
Ka7 49. Kb1 Be7 50. Rd1 Bf8 51. Kb2 Be7 52. Bg2 Qc6 53. Qf3 Rbc8 54. Rd4 Qb6 55.
Qd3 Rc4 56. Bf1 Rxd4 57. cxd4 Rxc2+ 58. Kxc2 Qc6+ 59. Kd2 Kb6 60. Bh3 Qc4 61.
Qxc4 bxc4 62. Kc3 Kb5 63. Bg4 Bf8 64. Bd1 Be7 65. Bc2 Bd8 66. Bb1 Be7 67. Kb2
Bd8 68. Bc2 Be7 69. Bd1 Bd8 70. Bf3 Be7 71. Bg4 Bd8 72. Bf3 Be7 73. Bg4 Bd8 74.
Bf3 Be7 75. Kc2 Bd8 76. Bg4 Be7 77. Bh3 Bd8 78. Bg2 Be7 79. Bf3 Bd8 80. Kc3 Be7
81. f5 gxf5 82. Bh5 Bxg5 83. Bxf7 f4 84. Bxe6 f3 85. Bxd5 f2 86. Bxc4+ Kc6 87.
d5+ Kc7 88. d6+ Kd7 89. Kd4 Bxh6 90. Kd5 Bg5 91. e6+ Kd8 92. b5 Be3 93. Kc6 h5
94. Be2 h4 95. e7+ 1-0

[Event "Karpos Open 2013"]
[Site "Skopje MKD"]
[Date "2013.03.10"]
[Round "2.78"]
[White "Aksoy, Atilla"]
[Black "Stojanovski, Kiril"]
[Result "1-0"]
[WhiteElo "1791"]
[BlackElo "2125"]
[WhiteFideId "6332404"]
[BlackFideId "15001555"]
[EventDate "2013.03.09"]

1. e4 c5 2. Nf3 Nc6 3. d4 cxd4 4. Nxd4 Nf6 5. Nc3 d6 6. f4 Qb6 7. Nf3 e6 8. Bd3
Be7 9. Qe2 a6 10. Rb1 O-O 11. Be3 Qc7 12. O-O b5 13. Kh1 Bb7 14. Qe1 b4 15. Ne2
d5 16. e5 Ne4 17. Ng3 Nd8 18. f5 exf5 19. Nxf5 Ne6 20. Nxe7+ Qxe7 21. Nd4 Nxd4
22. Bxd4 a5 23. Qe3 Rac8 24. Rf4 g6 25. Rbf1 Nc5 26. Rf6 Ne6 27. Bb6 a4 28. h4
d4 29. Bxd4 Nxd4 30. Qxd4 Rce8 31. Bc4 Qd8 32. Qf4 Bd5 33. Bxd5 Qxd5 34. e6 1-0

[Event "Karpos Open 2013"]
[Site "Skopje MKD"]
[Date "2013.03.10"]
[Round "2.79"]
[White "Hristovski, Srdzan"]
[Black "Antoniadou, Paraskevi"]
[Result "1-0"]
[WhiteElo "2122"]
[BlackElo "1732"]
[WhiteFideId "15001148"]
[BlackFideId "4220676"]
[EventDate "2013.03.09"]

1. d4 Nf6 2. c4 g6 3. Nc3 Bg7 4. e4 d6 5. f3 O-O 6. Be3 Nc6 7. Bd3 e5 8. d5 Ne7
9. Nge2 Nd7 10. g4 Nc5 11. Qd2 Nxd3+ 12. Qxd3 f5 13. gxf5 gxf5 14. Bg5 Rf7 15.
Rg1 Qf8 16. h4 a6 17. h5 Kh8 18. Qd2 Bf6 19. O-O-O Bd7 20. Rg2 Bxg5 21. Rxg5 b5
22. Rdg1 fxe4 23. fxe4 Rf1+ 24. Kc2 bxc4 25. R1g2 Qf6 26. Rg7 Rg8 27. h6 Rh1 28.
Ng3 Rh4 29. Rf2 Rf4 30. Nh5 Qxh6 31. Rxe7 Qxh5 32. Rxd7 Qh3 33. Rf7 Rxf7 34.
Rxf7 Rg2 35. Rf2 Qd3+ 36. Kc1 Rg1+ 37. Nd1 Qxe4 38. Qh6 Qxd5 39. Rf8+ 1-0

[Event "Karpos Open 2013"]
[Site "Skopje MKD"]
[Date "2013.03.10"]
[Round "2.80"]
[White "Karatrajkov, Nikola"]
[Black "Ilic, Slobodan S"]
[Result "0-1"]
[WhiteElo "1777"]
[BlackElo "2109"]
[WhiteFideId "15002950"]
[BlackFideId "912883"]
[EventDate "2013.03.09"]

1. e4 c5 2. Nf3 e6 3. d4 cxd4 4. Nxd4 Nf6 5. Nc3 d6 6. Be3 Nc6 7. Be2 Be7 8. f3
a6 9. O-O O-O 10. a3 Qc7 11. Kh1 Bd7 12. Nb3 b5 13. Bf4 Rfd8 14. Nc5 Be8 15. Nd3
Rac8 16. Rc1 Qb7 17. Qe1 a5 18. Be3 b4 19. Na4 Ne5 20. Nb6 Rc6 21. Nxe5 dxe5 22.
Nc4 Qc7 23. Qf2 Rb8 24. b3 bxa3 25. Qg3 Rc8 26. Bd3 a4 27. Nxe5 Bd6 28. f4 Bxe5
29. fxe5 axb3 30. exf6 Qxg3 31. hxg3 b2 32. Rb1 Ra8 33. Bd4 Rb8 34. Bxb2 axb2
35. fxg7 Kxg7 36. Rf4 e5 37. Rf2 Rc3 38. Kg1 Bd7 39. Rd2 Be6 40. Kf2 Ba2 0-1

[Event "Karpos Open 2013"]
[Site "Skopje MKD"]
[Date "2013.03.10"]
[Round "2.81"]
[White "Arizanov, Tome"]
[Black "Nikolov, Kole"]
[Result "1-0"]
[WhiteElo "2099"]
[BlackElo "1711"]
[WhiteFideId "15000079"]
[BlackFideId "15002764"]
[EventDate "2013.03.09"]

1. Nf3 Nf6 2. g3 g6 3. Bg2 Bg7 4. O-O O-O 5. d3 d6 6. c4 c5 7. Na3 a6 8. Nc2 Nc6
9. Rb1 Rb8 10. a3 b5 11. Bd2 Bd7 12. b3 Qc8 13. e4 Bh3 14. Bxh3 Qxh3 15. Ng5 Qd7
16. f4 h6 17. Nf3 e6 18. Qe2 d5 19. e5 Ne8 20. Qf2 d4 21. Qe2 Ne7 22. Rfc1 bxc4
23. bxc4 Nc7 24. Ba5 Qc6 25. Nd2 Nf5 26. Qe4 Rxb1 27. Rxb1 Qd7 28. Qb7 Rc8 29.
Ne4 1-0

[Event "Karpos Open 2013"]
[Site "Skopje MKD"]
[Date "2013.03.10"]
[Round "2.82"]
[White "Gaberov, Toshe"]
[Black "Vidic, Miha"]
[Result "0-1"]
[WhiteElo "1741"]
[BlackElo "2096"]
[WhiteFideId "15002802"]
[BlackFideId "14605775"]
[EventDate "2013.03.09"]

1. e4 c5 2. Ne2 e6 3. Nbc3 a6 4. a4 Nc6 5. g3 g6 6. Bg2 Bg7 7. O-O Nge7 8. d3
O-O 9. Nf4 Rb8 10. Be3 d6 11. Qc1 b5 12. Rb1 b4 13. Nce2 Nd4 14. b3 e5 15. Bxd4
cxd4 16. Nh3 Qc7 17. Qd2 Bd7 18. f4 Bh6 19. Kh1 Kh8 20. Neg1 Rb6 21. Qf2 f6 22.
Qe2 Rc6 23. Rb2 Rc8 24. Rf2 Ng8 25. Bf3 Be6 26. Kg2 Qd7 27. Qd1 Rc5 28. Qf1 R8c7
29. Bd1 d5 30. fxe5 fxe5 31. exd5 Bxd5+ 32. Bf3 Nf6 33. Re2 Ng4 34. Kh1 Ne3 35.
Qf2 Nd1 36. Qe1 Nxb2 37. Rf2 Be3 38. c4 bxc3 39. Ng5 Nxd3 40. Bxd5 Qxd5+ 0-1

[Event "Karpos Open 2013"]
[Site "Skopje MKD"]
[Date "2013.03.10"]
[Round "2.83"]
[White "Nisic, Miroslav"]
[Black "Pecev, Aleksandar"]
[Result "1-0"]
[WhiteElo "2079"]
[BlackElo "1682"]
[WhiteFideId "948578"]
[BlackFideId "15003540"]
[EventDate "2013.03.09"]

1. d4 d5 2. Nf3 Nc6 3. Bf4 e6 4. e3 Bd6 5. Bg3 f6 6. c4 Nge7 7. Nc3 O-O 8. Bd3
a6 9. a3 dxc4 10. Bxc4 b5 11. Ba2 Kh8 12. Rc1 Bxg3 13. hxg3 Nf5 14. Qc2 Qd7 15.
Bb1 g6 16. g4 Nd6 17. Qxg6 f5 18. Ng5 Rf7 19. Nxf7+ Qxf7 20. gxf5 Qxg6 21. fxg6
Nf5 22. Rxh7+ Kg8 23. Rxc7 Nce7 24. g4 Nd5 25. Nxd5 exd5 26. gxf5 Bxf5 27. Bxf5
Kh8 28. Ke2 Rf8 29. Rh1+ Kg8 30. Be6+ Rf7 31. gxf7+ Kg7 32. f8=Q+ Kg6 33. Qf5# 1-0

[Event "Karpos Open 2013"]
[Site "Skopje MKD"]
[Date "2013.03.10"]
[Round "2.84"]
[White "Tevdovski, Zoran"]
[Black "Spirliadis, Achileas"]
[Result "0-1"]
[WhiteElo "1720"]
[BlackElo "2076"]
[WhiteFideId "15003809"]
[BlackFideId "4215770"]
[EventDate "2013.03.09"]

1. d4 Nf6 2. Nf3 d6 3. h3 Nbd7 4. e3 e5 5. c4 Be7 6. Nc3 O-O 7. Bd3 Re8 8. O-O
c6 9. a3 Qc7 10. e4 a6 11. b4 Bf8 12. Bd2 exd4 13. Nxd4 Ne5 14. Be2 c5 15. bxc5
dxc5 16. Nf3 Ng6 17. Qc2 Nf4 18. Bxf4 Qxf4 19. e5 Rxe5 20. Nxe5 Qxe5 21. Qd3 Bf5
22. Qe3 Bd6 23. Qxe5 Bxe5 24. Rac1 Rd8 25. Na4 Bd4 26. Bf3 Ne4 27. Bxe4 Bxe4 28.
Rfd1 Rd6 29. Nxc5 Bxc5 30. Rxd6 Bxd6 31. Rd1 Bxa3 32. Kf1 Kf8 33. g3 Bc6 34. Ke2
Bc5 35. Rd8+ Ke7 36. Ra8 Bd7 37. Rb8 Bc6 38. Ra8 Bb6 39. f4 a5 40. c5 Bd8 41.
Kd3 Kd7 42. Kc3 Bf6+ 43. Kb3 a4+ 44. Kb4 Bb2 45. Rf8 Ke7 46. Rc8 a3 47. Kb3 Bd5+
48. Kc2 Bf6 0-1

[Event "Karpos Open 2013"]
[Site "Skopje MKD"]
[Date "2013.03.10"]
[Round "2.85"]
[White "Aksoy, Ayca"]
[Black "Hadzi - Manev, Ljubomir"]
[Result "1-0"]
[BlackTitle "FM"]
[WhiteElo "1707"]
[BlackElo "2071"]
[WhiteFideId "6355978"]
[BlackFideId "15000443"]
[EventDate "2013.03.09"]

1. Nf3 d5 2. d4 c5 3. c4 e6 4. cxd5 exd5 5. Nc3 Nc6 6. g3 Nf6 7. Bg2 Be7 8. O-O
O-O 9. Bg5 c4 10. Ne5 Be6 11. Nxc6 bxc6 12. b3 h6 13. Bxf6 Bxf6 14. bxc4 dxc4
15. e3 Qa5 16. Rc1 Rac8 17. Qc2 Rfd8 18. Rfd1 Be7 19. Ne2 g5 20. Nc3 Ba3 21. Rb1
Bb4 22. Rbc1 Bxc3 23. Qxc3 Qxa2 24. Ra1 Qb3 25. Qa5 Rd7 26. Qa6 Qb6 27. Qxc8+
Rd8 28. Qxc6 1-0